[Event "SRB-chT Premier"]
[Site "Vrnjacka Banja"]
[Date "2022.09.28"]
[Round "9.6"]
[White "Milenkovic, Mladen"]
[Black "Munizaba, Slobodan"]
[Result "0-1"]
[WhiteElo "2379"]
[BlackElo "2416"]
[PlyCount "94"]
[EventDate "2022.09.20"]
[EventType "team-tourn"]
[EventRounds "11"]
[EventCountry "SRB"]
[SourceTitle "CBM 210 Extra"]
[Source "ChessBase"]
[SourceDate "2022.11.30"]
[SourceVersion "1"]
[SourceVersionDate "2022.11.30"]
[SourceQuality "1"]
[WhiteTeam "Opovo Bata Cosic"]
[BlackTeam "Subotica Spartak"]
[WhiteTeamCountry "SRB"]
[BlackTeamCountry "SRB"]

1. e4 c5 2. Nf3 d6 3. d4 cxd4 4. Nxd4 Nf6 5. Nc3 a6 6. Bc4 e6 7. Bb3 b5 8. Bg5 Be7 9. Qf3 Qb6 10. 0-0-0 Nbd7 11. Rhe1 0-0 12. Qg3 Nc5 13. Bh6 Ne8 14. f4 Qb7 15. f5 b4 16. fxe6 Nxb3+ 17. axb3 bxc3 18. Nf5 Bf6 19. e7 cxb2+ 20. Kb1 Bxf5 21. exf8Q+ Kxf8 22. exf5 gxh6 23. Rxd6 Qb4 24. Rxe8+ Rxe8 25. Rxf6 Re1+ 26. Kxb2 Qd4+ 27. Qc3 Rb1+ 28. Kxb1 Qxc3 29. Rxa6 Kg7 30. g4 Qe1+ 31. Ka2 Qe2 32. Rc6 Qxg4 33. Rc5 Qd4 34. Rc4 Qf2 35. b4 Qxf5 36. Kb3 Qd5 37. Kc3 f5 38. Rc5 Qe4 39. b5 f4 40. b6 f3 41. Rb5 Qc6+ 42. Kb4 f2 43. b7 f1Q 44. b8Q Qb1+ 45. Ka4 Qa6+ 46. Ra5 Qc4+ 47. Ka3 Qba2# 0-1

[Event "SRB-chT Premier"]
[Site "Vrnjacka Banja"]
[Date "2022.09.26"]
[Round "7.5"]
[White "Munizaba, Slobodan"]
[Black "Stankovic, Milos"]
[Result "0-1"]
[WhiteElo "2416"]
[BlackElo "2439"]
[PlyCount "46"]
[EventDate "2022.09.20"]
[EventType "team-tourn"]
[EventRounds "11"]
[EventCountry "SRB"]
[SourceTitle "CBM 210 Extra"]
[Source "ChessBase"]
[SourceDate "2022.11.30"]
[SourceVersion "1"]
[SourceVersionDate "2022.11.30"]
[SourceQuality "1"]
[WhiteTeam "Subotica Spartak"]
[BlackTeam "Goracici Jelica"]
[WhiteTeamCountry "SRB"]
[BlackTeamCountry "SRB"]

1. d4 Nf6 2. Nf3 g6 3. g3 Bg7 4. Bg2 d5 5. 0-0 0-0 6. c4 dxc4 7. Na3 c5 8. Nxc4 Be6 9. Ne3 Na6 10. Qa4 Qb6 11. dxc5 Nxc5 12. Qa3 Nfe4 13. Rb1 Rfd8 14. h4 Rac8 15. Ng5 Nxg5 16. hxg5 Rd4 17. b3 Ne4 18. Rb2 Nxg3 19. fxg3 Re4 20. Kh2 Rxc1 21. Nd5 Bxd5 22. Rxc1 Be5 23. Rc5 Rh4+ 0-1

[Event "SRB-chT Premier"]
[Site "Vrnjacka Banja"]
[Date "2022.09.25"]
[Round "6.3"]
[White "Munizaba, Slobodan"]
[Black "Milosevic, Milos"]
[Result "1/2-1/2"]
[WhiteElo "2416"]
[BlackElo "2379"]
[PlyCount "31"]
[EventDate "2022.09.20"]
[EventType "team-tourn"]
[EventRounds "11"]
[EventCountry "SRB"]
[SourceTitle "CBM 210 Extra"]
[Source "ChessBase"]
[SourceDate "2022.11.30"]
[SourceVersion "1"]
[SourceVersionDate "2022.11.30"]
[SourceQuality "1"]
[WhiteTeam "Subotica Spartak"]
[BlackTeam "Kac Jugovic"]
[WhiteTeamCountry "SRB"]
[BlackTeamCountry "SRB"]

1. d4 Nf6 2. Nf3 g6 3. g3 Bg7 4. Bg2 0-0 5. 0-0 d6 6. c4 c5 7. Nc3 Nc6 8. d5 Na5 9. Nd2 e6 10. Qc2 exd5 11. cxd5 Re8 12. e4 Bd7 13. a4 a6 14. b3 b5 15. Bb2 Rb8 16. Nd1 1/2-1/2

[Event "SRB-chT Premier"]
[Site "Vrnjacka Banja"]
[Date "2022.09.22"]
[Round "3.3"]
[White "Munizaba, Slobodan"]
[Black "Brenjo, Slavisa"]
[Result "0-1"]
[WhiteElo "2416"]
[BlackElo "2409"]
[PlyCount "92"]
[EventDate "2022.09.20"]
[EventType "team-tourn"]
[EventRounds "11"]
[EventCountry "SRB"]
[SourceTitle "CBM 210 Extra"]
[Source "ChessBase"]
[SourceDate "2022.11.30"]
[SourceVersion "1"]
[SourceVersionDate "2022.11.30"]
[SourceQuality "1"]
[WhiteTeam "Subotica Spartak"]
[BlackTeam "Novi Sad SK"]
[WhiteTeamCountry "SRB"]
[BlackTeamCountry "SRB"]

1. d4 Nf6 2. Nf3 g6 3. g3 Bg7 4. Bg2 0-0 5. 0-0 d6 6. c4 Nc6 7. d5 Na5 8. Nbd2 c5 9. e4 e6 10. Rb1 exd5 11. cxd5 Re8 12. Re1 Bg4 13. b3 Rc8 14. h3 Bxf3 15. Bxf3 b5 16. b4 cxb4 17. Rxb4 a6 18. a4 bxa4 19. Rxa4 Nd7 20. Bg4 Rxc1 21. Qxc1 Nc5 22. Ra3 h5 23. Be2 h4 24. Kg2 hxg3 25. fxg3 Qb6 26. Qb1 Qc7 27. Qb4 Bh6 28. Nf1 Nab7 29. Bxa6 Nxa6 30. Rxa6 Qc2+ 31. Kg1 Nc5 32. Rc6 Ra8 33. Qb1 Qc4 34. Rd1 Bg7 35. Qc1 Qxe4 36. Qe3 Qa4 37. Rd2 Nb3 38. Rd3 Bd4 39. Rxd4 Nxd4 40. Rc7 Qd1 41. Qf2 Nf3+ 42. Kg2 Ne5 43. Ne3 Qd4 44. Qf4 Ra2+ 45. Kg1 Qa1+ 46. Nf1 Qb2 0-1

[Event "SRB-chT Premier"]
[Site "Vrnjacka Banja"]
[Date "2022.09.20"]
[Round "1.2"]
[White "Munizaba, Slobodan"]
[Black "Perunovic, Miodrag"]
[Result "0-1"]
[WhiteElo "2416"]
[BlackElo "2413"]
[PlyCount "72"]
[EventDate "2022.09.20"]
[EventType "team-tourn"]
[EventRounds "11"]
[EventCountry "SRB"]
[SourceTitle "CBM 210 Extra"]
[Source "ChessBase"]
[SourceDate "2022.11.30"]
[SourceVersion "1"]
[SourceVersionDate "2022.11.30"]
[SourceQuality "1"]
[WhiteTeam "Subotica Spartak"]
[BlackTeam "Pozega"]
[WhiteTeamCountry "SRB"]
[BlackTeamCountry "SRB"]

1. d4 Nf6 2. Nf3 g6 3. g3 Bg7 4. Bg2 0-0 5. 0-0 d6 6. c4 Nbd7 7. Nc3 e5 8. Qc2 c6 9. Rd1 Qe7 10. e4 exd4 11. Nxd4 Re8 12. b3 Nc5 13. f3 Nfd7 14. Bb2 a5 15. Rd2 a4 16. Rad1 axb3 17. axb3 Ne5 18. Nde2 Qc7 19. Nc1 f5 20. Rxd6 fxe4 21. Nxe4 Bf5 22. Bxe5 Rxe5 23. Qf2 Nxe4 24. fxe4 Bg4 25. Ne2 Bf8 26. c5 Bxd6 27. cxd6 Qd7 28. h3 Rf8 29. Qe3 Bxh3 30. Qd4 Ree8 31. Nf4 Bxg2 32. Kxg2 Qg4 33. d7 Rd8 34. e5 Rxf4 35. Qxf4 Qxd1 36. Qf6 Rxd7 0-1

[Event "Vojvodina-chT 2nd League"]
[Site "Backa Palanka"]
[Date "2020.10.22"]
[Round "9.4"]
[White "Sibinovic, Zoran"]
[Black "Munizaba, Slobodan"]
[Result "0-1"]
[WhiteElo "2107"]
[BlackElo "2416"]
[PlyCount "84"]
[EventDate "2020.10.16"]
[EventType "team-tourn"]
[EventRounds "11"]
[EventCountry "SRB"]
[SourceTitle "EXT 2022"]
[Source "ChessBase"]
[SourceDate "2021.10.06"]
[SourceVersion "1"]
[SourceVersionDate "2021.10.06"]
[SourceQuality "1"]
[WhiteTeam "Starcevo Borac"]
[BlackTeam "Pancevo Gligoric"]
[WhiteTeamCountry "SRB"]
[BlackTeamCountry "SRB"]

1. c4 e5 2. Nc3 Nf6 3. g3 d5 4. cxd5 Nxd5 5. Bg2 Nb6 6. Nf3 Nc6 7. 0-0 Be7 8. d3 0-0 9. Be3 Re8 10. Rc1 Bf8 11. Re1 Nd4 12. Bxd4 exd4 13. Nb5 c5 14. b4 a6 15. bxc5 axb5 16. cxb6 Qxb6 17. Qd2 Be6 18. Rc2 Ra4 19. Rb1 Rea8 20. Rbb2 h6 21. e3 dxe3 22. fxe3 Bc5 23. d4 Ba3 24. Rb1 Bf5 25. Bf1 Bxc2 26. Qxc2 Rb4 27. Rxb4 Bxb4 28. Qb3 Bd6 29. Bxb5 Ra3 30. Qd5 Rxe3 31. Kf2 Re6 32. a4 Be7 33. Kg2 Bf6 34. Qd7 g6 35. Bc4 Re7 36. Qc8+ Kg7 37. Bd5 Bxd4 38. a5 Qxa5 39. Bxb7 Qa2+ 40. Kh3 Bf6 41. Ba6 Qf2 42. Qa8 Ra7 0-1

[Event "Vojvodina-chT 2nd League"]
[Site "Backa Palanka"]
[Date "2020.10.20"]
[Round "7.4"]
[White "Tokovic, Svetozar"]
[Black "Munizaba, Slobodan"]
[Result "0-1"]
[WhiteElo "2207"]
[BlackElo "2416"]
[PlyCount "58"]
[EventDate "2020.10.16"]
[EventType "team-tourn"]
[EventRounds "11"]
[EventCountry "SRB"]
[SourceTitle "EXT 2022"]
[Source "ChessBase"]
[SourceDate "2021.10.06"]
[SourceVersion "1"]
[SourceVersionDate "2021.10.06"]
[SourceQuality "1"]
[WhiteTeam "Sombor"]
[BlackTeam "Pancevo Gligoric"]
[WhiteTeamCountry "SRB"]
[BlackTeamCountry "SRB"]

1. e4 c5 2. Nf3 d6 3. d4 cxd4 4. Nxd4 Nf6 5. Nc3 a6 6. h3 e6 7. g4 h6 8. Bg2 g5 9. b3 Nbd7 10. Bb2 Ne5 11. Qd2 Be7 12. 0-0-0 b5 13. Nf3 Qc7 14. Nxe5 dxe5 15. a4 Bd7 16. axb5 axb5 17. Qd3 Ra5 18. Nb1 Bc6 19. Qg3 Nd7 20. Rd2 b4 21. Re1 Rc5 22. Bf1 0-0 23. Bd3 Rc8 24. Kd1 Qa5 25. Kc1 Qa2 26. Bf1 Nf6 27. Bg2 Bb5 28. Qe3 Rc3 29. Qb6 Rxb3 0-1

[Event "SRB-chT"]
[Site "Subotica"]
[Date "2019.08.28"]
[Round "7.2"]
[White "Munizaba, Slobodan"]
[Black "Radovic, Luka"]
[Result "1/2-1/2"]
[WhiteElo "2428"]
[BlackElo "2328"]
[PlyCount "74"]
[EventDate "2019.08.22"]
[EventType "team-tourn"]
[EventRounds "11"]
[EventCountry "SRB"]
[SourceTitle "EXT 2020"]
[Source "ChessBase"]
[SourceDate "2019.10.17"]
[SourceVersion "1"]
[SourceVersionDate "2019.10.17"]
[SourceQuality "1"]
[WhiteTeam "Pancevo Gligoric"]
[BlackTeam "Kraljevo Sloga Turist"]
[WhiteTeamCountry "SRB"]
[BlackTeamCountry "SRB"]

1. d4 d5 2. Nf3 Nf6 3. g3 e6 4. Bg2 Be7 5. 0-0 0-0 6. c4 dxc4 7. Qc2 b5 8. a4 b4 9. Qxc4 Bb7 10. Bf4 Bd5 11. Qxc7 Qxc7 12. Bxc7 Rc8 13. Bf4 Nbd7 14. Rc1 Rxc1+ 15. Bxc1 Rc8 16. Nbd2 a5 17. Ne1 Nb6 18. e4 Bb7 19. b3 e5 20. Bb2 exd4 21. Bxd4 Nfd7 22. Nd3 Nc5 23. Bxc5 Bxc5 24. Nxc5 Rxc5 25. Bf1 Rc3 26. Re1 Bc8 27. Nc4 Nxc4 28. Bxc4 Bg4 29. Re3 Bf3 30. Re1 Kf8 31. h3 h5 32. Kh2 Rc2 33. Re3 Rc3 34. Kg1 Rxe3 35. fxe3 Bxe4 36. Kf2 Ke7 37. h4 f6 1/2-1/2

[Event "SRB-chT"]
[Site "Subotica"]
[Date "2019.08.27"]
[Round "6.6"]
[White "Drazic, Sinisa"]
[Black "Munizaba, Slobodan"]
[Result "1/2-1/2"]
[WhiteElo "2379"]
[BlackElo "2428"]
[PlyCount "107"]
[EventDate "2019.08.22"]
[EventType "team-tourn"]
[EventRounds "11"]
[EventCountry "SRB"]
[SourceTitle "EXT 2020"]
[Source "ChessBase"]
[SourceDate "2019.10.17"]
[SourceVersion "1"]
[SourceVersionDate "2019.10.17"]
[SourceQuality "1"]
[WhiteTeam "Valjevo 2005"]
[BlackTeam "Pancevo Gligoric"]
[WhiteTeamCountry "SRB"]
[BlackTeamCountry "SRB"]

1. d4 c5 2. d5 e5 3. e4 a6 4. Nf3 d6 5. Be2 g6 6. a4 h5 7. h4 Bh6 8. Nc3 Bxc1 9. Qxc1 Bg4 10. Ng5 Bxe2 11. Kxe2 Nd7 12. a5 Ngf6 13. Nd1 Nh7 14. Nxh7 Rxh7 15. Qg5 Qxg5 16. hxg5 f6 17. gxf6 Nxf6 18. f3 h4 19. Ne3 Nh5 20. Kd2 Ng3 21. Rh3 0-0-0 22. b4 cxb4 23. Rb1 g5 24. Rxb4 Rc7 25. c4 Rc5 26. Ra4 Kc7 27. Kd3 Rf8 28. Ra2 b6 29. axb6+ Kxb6 30. Kc3 Rfc8 31. Kd3 Ra5 32. Rxa5 Kxa5 33. Nf5 Nxf5 34. exf5 Kb4 35. f6 Rf8 36. f4 exf4 37. Rh1 Kc5 38. Ra1 Rxf6 39. Rxa6 Kb4 40. Rb6+ Ka5 41. c5 f3 42. gxf3 h3 43. Rb1 dxc5 44. Kc4 Rxf3 45. d6 g4 46. d7 Rf8 47. Kxc5 Ka6 48. Kc6 Rf6+ 49. Kc7 Rf7 50. Kc6 Rf6+ 51. Kc5 Rf8 52. Kc6 Rf6+ 53. Kc7 Rf7 54. Rb6+ 1/2-1/2

[Event "SRB-chT"]
[Site "Valjevo"]
[Date "2018.09.06"]
[Round "7.1"]
[White "Tadic, Stefan"]
[Black "Munizaba, Slobodan"]
[Result "0-1"]
[WhiteElo "2240"]
[BlackElo "2426"]
[PlyCount "70"]
[EventDate "2018.08.31"]
[EventType "team-tourn"]
[EventRounds "11"]
[EventCountry "SRB"]
[SourceTitle "CBM 186 Extra"]
[Source "ChessBase"]
[SourceDate "2018.08.24"]
[SourceVersion "1"]
[SourceVersionDate "2018.08.24"]
[SourceQuality "1"]
[WhiteTeam "Krajisnik Krajina"]
[BlackTeam "Pancevo Gligoric"]
[WhiteTeamCountry "SRB"]
[BlackTeamCountry "SRB"]

1. e4 c5 2. Nc3 e6 3. Nf3 a6 4. d4 cxd4 5. Nxd4 Qc7 6. Be2 b5 7. a3 Bb7 8. 0-0 Nf6 9. Bf3 d6 10. Re1 Nbd7 11. g3 Be7 12. Bg2 0-0 13. f4 Rfd8 14. g4 g6 15. g5 Nh5 16. f5 e5 17. Nd5 Bxd5 18. exd5 exd4 19. Rxe7 Re8 20. Re4 Rac8 21. fxg6 hxg6 22. Qxd4 Qxc2 23. Rxe8+ Rxe8 24. Be3 Nc5 25. Rc1 Qe2 26. Rc3 Qe1+ 27. Bf1 Re4 28. Bf2 Qb1 29. Qd2 Rg4+ 30. Bg3 Ne4 31. Qe2 Nhxg3 32. Rc8+ Kg7 33. hxg3 Rxg3+ 34. Kh2 Rxg5 35. Re8 Ng3 0-1

[Event "SRB-chT"]
[Site "Ruma"]
[Date "2017.09.09"]
[Round "9.6"]
[White "Munizaba, Slobodan"]
[Black "Popovic, Nenad"]
[Result "1-0"]
[WhiteElo "2419"]
[BlackElo "2241"]
[PlyCount "75"]
[EventDate "2017.09.01"]
[EventType "team-tourn"]
[EventRounds "11"]
[EventCountry "SRB"]
[SourceTitle "CBM 180 Extra"]
[Source "ChessBase"]
[SourceDate "2017.10.06"]
[SourceVersion "1"]
[SourceVersionDate "2017.10.06"]
[SourceQuality "1"]
[WhiteTeam "Pancevo Gligoric"]
[BlackTeam "Valjevo Sveti Nikolaj"]
[WhiteTeamCountry "SRB"]
[BlackTeamCountry "SRB"]

1. d4 d5 2. Nf3 Nf6 3. g3 g6 4. Bg2 Bg7 5. 0-0 0-0 6. c4 c6 7. b3 Nbd7 8. Nc3 dxc4 9. bxc4 Nb6 10. Qd3 Be6 11. c5 Nbd5 12. Ng5 Bf5 13. e4 Nxc3 14. exf5 Qxd4 15. Qxd4 Ne2+ 16. Kh1 Nxd4 17. fxg6 hxg6 18. Rb1 b6 19. cxb6 axb6 20. Rxb6 Nd5 21. Rb7 Ne2 22. Be3 Rfe8 23. Bh3 Ra5 24. Bd7 Rd8 25. Ne4 Ra6 26. Bc5 e6 27. Rfb1 Be5 28. f4 Bc7 29. R1b2 Nc1 30. Bd4 f5 31. Bxe6+ Kf8 32. Bc5+ Kg7 33. Bxd5 cxd5 34. Rxc7+ Kh6 35. Ng5 Kh5 36. h3 Rh8 37. Rbb7 Rh6 38. Rh7 1-0

[Event "SRB-chT"]
[Site "Ruma"]
[Date "2017.09.07"]
[Round "7.6"]
[White "Munizaba, Slobodan"]
[Black "Vujacic, Borivoje"]
[Result "1-0"]
[WhiteElo "2419"]
[BlackElo "2238"]
[PlyCount "95"]
[EventDate "2017.09.01"]
[EventType "team-tourn"]
[EventRounds "11"]
[EventCountry "SRB"]
[SourceTitle "CBM 180 Extra"]
[Source "ChessBase"]
[SourceDate "2017.10.06"]
[SourceVersion "1"]
[SourceVersionDate "2017.10.06"]
[SourceQuality "1"]
[WhiteTeam "Pancevo Gligoric"]
[BlackTeam "Belgrade Crvena Zvezda"]
[WhiteTeamCountry "SRB"]
[BlackTeamCountry "SRB"]

1. d4 Nf6 2. Nf3 g6 3. g3 Bg7 4. Bg2 d5 5. 0-0 0-0 6. c4 c6 7. b3 a5 8. cxd5 cxd5 9. Nc3 Ne4 10. Nxe4 dxe4 11. Ne5 Nd7 12. Bxe4 Nxe5 13. dxe5 Bh3 14. Re1 Qxd1 15. Rxd1 Bxe5 16. Rb1 a4 17. Bxb7 axb3 18. axb3 Ra2 19. Rd2 Ra7 20. Bd5 Bf5 21. e4 Bh3 22. b4 Rc8 23. b5 Ra1 24. Rxa1 Bxa1 25. Bc6 e5 26. Ra2 Bd4 27. Be3 Bxe3 28. fxe3 Kf8 29. Ra8 Rxa8 30. Bxa8 Ke7 31. b6 Kd6 32. Bd5 f6 33. Kf2 Bg4 34. Ke1 Bf3 35. Kd2 f5 36. Kd3 g5 37. Kc4 Be2+ 38. Kb4 Bf3 39. Ka5 f4 40. exf4 gxf4 41. gxf4 exf4 42. e5+ Kxd5 43. b7 Kxe5 44. b8Q+ Ke4 45. Qe8+ Kd4 46. Qf7 Ke3 47. Qxh7 Be4 48. Qh6 1-0

[Event "SRB-chT"]
[Site "Kragujevac"]
[Date "2016.09.26"]
[Round "5.6"]
[White "Adamov, Ivan"]
[Black "Munizaba, Slobodan"]
[Result "0-1"]
[WhiteElo "2151"]
[BlackElo "2395"]
[PlyCount "68"]
[EventDate "2016.09.22"]
[EventType "team-tourn"]
[EventRounds "11"]
[EventCountry "SRB"]
[SourceTitle "CBM 174 Extra"]
[Source "ChessBase"]
[SourceDate "2016.10.10"]
[SourceVersion "1"]
[SourceVersionDate "2016.10.10"]
[SourceQuality "1"]
[WhiteTeam "Naftagas"]
[BlackTeam "Svetozar Gligoric"]
[WhiteTeamCountry "SRB"]
[BlackTeamCountry "SRB"]

1. e4 c5 2. Nf3 d6 3. d4 cxd4 4. Nxd4 Nf6 5. Nc3 a6 6. Bc4 e6 7. Bb3 b5 8. 0-0 Be7 9. Qf3 Qb6 10. Be3 Qb7 11. Qg3 b4 12. Na4 Nbd7 13. f3 0-0 14. Rfd1 Ne5 15. Ne2 a5 16. Nf4 Bd7 17. Nd3 Nxd3 18. cxd3 Bb5 19. Nb6 Ra6 20. Qf2 Rb8 21. Nc4 a4 22. Bc2 Nd7 23. b3 d5 24. Nd2 Rc8 25. Rac1 Rac6 26. Nf1 axb3 27. Bxb3 Rxc1 28. Bxc1 Nc5 29. Be3 Nxd3 30. Qg3 dxe4 31. Bd4 e5 32. Bxe5 Bc5+ 33. Kh1 Nf2+ 34. Kg1 Nxd1+ 0-1

[Event "SRB-chT"]
[Site "Kragujevac"]
[Date "2016.09.23"]
[Round "2.2"]
[White "Arsovic, Zoran"]
[Black "Munizaba, Slobodan"]
[Result "0-1"]
[WhiteElo "2407"]
[BlackElo "2395"]
[PlyCount "82"]
[EventDate "2016.09.22"]
[EventType "team-tourn"]
[EventRounds "11"]
[EventCountry "SRB"]
[SourceTitle "CBM 174 Extra"]
[Source "ChessBase"]
[SourceDate "2016.10.10"]
[SourceVersion "1"]
[SourceVersionDate "2016.10.10"]
[SourceQuality "1"]
[WhiteTeam "Jugovic"]
[BlackTeam "Svetozar Gligoric"]
[WhiteTeamCountry "SRB"]
[BlackTeamCountry "SRB"]

1. Nf3 c5 2. c4 Nf6 3. Nc3 d5 4. cxd5 Nxd5 5. e3 e6 6. Bc4 Nc6 7. 0-0 Be7 8. d4 cxd4 9. exd4 0-0 10. Re1 Nxc3 11. bxc3 b6 12. Bd3 Bb7 13. h4 Bf6 14. Ng5 g6 15. Qg4 h5 16. Qg3 Ne7 17. Ba3 Qd7 18. Rad1 Rfe8 19. d5 e5 20. c4 Nf5 21. Bxf5 Qxf5 22. Ne4 Be7 23. Bb2 Bb4 24. Re2 Rac8 25. Qb3 Bf8 26. Ng3 Qf6 27. Re4 Bc5 28. Rd2 Qd6 29. Rde2 f6 30. Kh1 Qd7 31. Qd3 Qf7 32. f4 b5 33. fxe5 bxc4 34. Rxc4 Bxd5 35. Rf4 f5 36. Nxf5 Kh7 37. Qd2 gxf5 38. e6 Bxe6 39. Rf3 Rcd8 40. Qc3 Rd1+ 41. Kh2 Bg1+ 0-1

[Event "SRB-chT"]
[Site "Kragujevac"]
[Date "2015.08.28"]
[Round "9.2"]
[White "Radivojevic, Ivan"]
[Black "Munizaba, Slobodan"]
[Result "1-0"]
[WhiteElo "2356"]
[BlackElo "2358"]
[PlyCount "73"]
[EventDate "2015.08.20"]
[EventType "team-tourn"]
[EventRounds "11"]
[EventCountry "YUG"]
[SourceTitle "EXT 2016"]
[Source "ChessBase"]
[SourceDate "2015.10.08"]
[SourceVersion "1"]
[SourceVersionDate "2015.10.08"]
[SourceQuality "1"]
[WhiteTeam "Pozega"]
[BlackTeam "Pancevo Gligoric"]
[WhiteTeamCountry "SRB"]
[BlackTeamCountry "SRB"]

1. e4 c5 2. Nc3 Nc6 3. f4 g6 4. Nf3 Bg7 5. Bb5 Nd4 6. 0-0 Nxb5 7. Nxb5 a6 8. Nc3 d6 9. d3 b5 10. Qe1 b4 11. Ne2 e6 12. f5 e5 13. Qg3 Bf6 14. Ng5 h6 15. fxg6 hxg5 16. gxf7+ Kxf7 17. Bxg5 Ke6 18. Rf3 Bxg5 19. Qg4+ Ke7 20. Qxg5+ Kd7 21. Rf7+ Ne7 22. c3 Re8 23. cxb4 Kc6 24. bxc5 Kxc5 25. d4+ Kb6 26. dxe5 dxe5 27. Nc3 Qd4+ 28. Kh1 Nc6 29. Rd1 Qc4 30. Nd5+ Kb5 31. Nc7+ Ka5 32. Qd2+ Nb4 33. Nxa8 Qxf7 34. a3 Qb7 35. axb4+ Kb5 36. Qd3+ Kxb4 37. Qc3+ 1-0

[Event "SRB-chT"]
[Site "Kragujevac"]
[Date "2015.08.22"]
[Round "3.5"]
[White "Tesic, Dragan"]
[Black "Munizaba, Slobodan"]
[Result "0-1"]
[WhiteElo "2322"]
[BlackElo "2358"]
[PlyCount "174"]
[EventDate "2015.08.20"]
[EventType "team-tourn"]
[EventRounds "11"]
[EventCountry "YUG"]
[SourceTitle "EXT 2016"]
[Source "ChessBase"]
[SourceDate "2015.10.08"]
[SourceVersion "1"]
[SourceVersionDate "2015.10.08"]
[SourceQuality "1"]
[WhiteTeam "Ruma Sloven"]
[BlackTeam "Pancevo Gligoric"]
[WhiteTeamCountry "SRB"]
[BlackTeamCountry "SRB"]

1. d4 Nf6 2. Nf3 e6 3. c4 b6 4. g3 Bb7 5. Bg2 Be7 6. Nc3 Ne4 7. Bd2 Bf6 8. 0-0 0-0 9. Qc2 Nxd2 10. Qxd2 d6 11. e4 Nd7 12. d5 a5 13. h4 Nc5 14. Rfe1 Bxc3 15. Qxc3 e5 16. Nd2 Bc8 17. b3 f5 18. exf5 Bxf5 19. Re3 Qd7 20. a3 Bg6 21. Rf1 Qg4 22. b4 axb4 23. axb4 Na4 24. Qc1 Qd4 25. Be4 Bxe4 26. Rxe4 Nc3 27. Rxd4 Ne2+ 28. Kg2 Nxc1 29. Rg4 Nd3 30. Ne4 Ra2 31. c5 bxc5 32. bxc5 dxc5 33. Kg1 h6 34. Rg6 Re2 35. Nc3 Rexf2 36. Rxf2 Rxf2 37. Rc6 Rf7 38. Ne4 Rd7 39. Kf1 Rxd5 40. Rxc7 Rd4 41. Nxc5 Rc4 42. Ne6 Rxc7 43. Nxc7 Kf7 44. Ke2 Nc5 45. Kf3 Ke7 46. h5 Kd7 47. Nd5 Kd6 48. Ne3 Ke6 49. g4 Ke7 50. Nd5+ Kd6 51. Ne3 Ke6 52. Nf5 Kf6 53. Ng3 Ne6 54. Ne4+ Ke7 55. Ng3 Ng5+ 56. Ke3 Ke6 57. Nf5 Kf6 58. Nd6 Ke7 59. Nf5+ Kf7 60. Nd6+ Ke7 61. Nf5+ Kf6 62. Nd6 Ne6 63. Ne4+ Ke7 64. Ng3 Nd4 65. Ne4 Ke6 66. Nc3 Nb3 67. Ne4 Na5 68. Kf3 Nc4 69. g5 Kf5 70. gxh6 gxh6 71. Ng3+ Kg5 72. Ke4 Kf6 73. Kf3 Nd6 74. Kg4 Ke6 75. Kf3 Kd5 76. Ke3 e4 77. Kf4 Kd4 78. Nxe4 Nxe4 79. Kf5 Nf2 80. Kg6 Ng4 81. Kf5 Ne5 82. Kf4 Nc6 83. Kf5 Ne7+ 84. Kf6 Ng8+ 85. Kg7 Ke5 86. Kxg8 Kf6 87. Kh7 Kg5 0-1

[Event "SRB-chT"]
[Site "Kragujevac"]
[Date "2015.08.20"]
[Round "1.6"]
[White "Perisic, Radivoj"]
[Black "Munizaba, Slobodan"]
[Result "1/2-1/2"]
[WhiteElo "2337"]
[BlackElo "2358"]
[PlyCount "94"]
[EventDate "2015.08.20"]
[EventType "team-tourn"]
[EventRounds "11"]
[EventCountry "YUG"]
[SourceTitle "EXT 2016"]
[Source "ChessBase"]
[SourceDate "2015.10.08"]
[SourceVersion "1"]
[SourceVersionDate "2015.10.08"]
[SourceQuality "1"]
[WhiteTeam "Krajisnik Krajina"]
[BlackTeam "Pancevo Gligoric"]
[WhiteTeamCountry "SRB"]
[BlackTeamCountry "SRB"]

1. e4 c5 2. Nf3 d6 3. d4 cxd4 4. Nxd4 Nf6 5. Nc3 a6 6. Bg5 e6 7. f4 Nbd7 8. Qf3 Qc7 9. 0-0-0 b5 10. Bxf6 Nxf6 11. a3 Rb8 12. g4 b4 13. axb4 Rxb4 14. g5 Nd7 15. Bh3 Qb6 16. Nb3 Be7 17. Rhg1 0-0 18. g6 hxg6 19. Rxg6 Ne5 20. Rxg7+ Kxg7 21. fxe5 Bg5+ 22. Kb1 dxe5 23. Nd5 exd5 24. Bxc8 Rxc8 25. Qf5 Re8 26. Qxg5+ Qg6 27. Qd2 Rxe4 28. Qxd5 Re2 29. Qc5 Rg2 30. Rd6 Re6 31. Rd8 Kh7 32. Rc8 Rg1+ 33. Ka2 Rg4 34. Nd2 e4 35. Nf1 Rg5 36. Qc3 Qg7 37. Qd2 Qe5 38. Qe3 Qd5+ 39. b3 Qe5 40. Ng3 Rgg6 41. Rc5 Rxg3 42. hxg3 Qf6 43. Rh5+ Kg7 44. Rg5+ Kf8 45. Rc5 Kg7 46. Rg5+ Kf8 47. Rc5 Kg7 1/2-1/2

[Event "Vojvodina-chT"]
[Site "Kac"]
[Date "2014.11.13"]
[Round "8.1"]
[White "Juhasz, Bencze"]
[Black "Munizaba, Slobodan"]
[Result "0-1"]
[WhiteElo "2145"]
[BlackElo "2335"]
[PlyCount "54"]
[EventDate "2014.11.08"]
[EventType "team-tourn"]
[EventRounds "11"]
[EventCountry "SRB"]
[SourceTitle "EXT 2017"]
[Source "ChessBase"]
[SourceDate "2016.10.25"]
[SourceVersion "1"]
[SourceVersionDate "2016.10.25"]
[SourceQuality "1"]

1. e4 c5 2. Nf3 e6 3. d4 cxd4 4. Nxd4 a6 5. Bd3 Bc5 6. Nb3 Ba7 7. 0-0 Nc6 8. Qg4 Qf6 9. Nc3 Nge7 10. Kh1 Ne5 11. Qg3 Nxd3 12. cxd3 Nc6 13. Be3 Bxe3 14. fxe3 Qe5 15. Qf3 0-0 16. d4 Qc7 17. Qh5 d6 18. Rf3 Qe7 19. Raf1 Bd7 20. e5 dxe5 21. dxe5 g6 22. Qh3 Nxe5 23. Rf6 Bc6 24. Nd4 Bd5 25. Qg3 Nc4 26. Nf5 Bxg2+ 27. Kxg2 exf5 0-1

[Event "Vojvodina-chT"]
[Site "Kac"]
[Date "2014.11.11"]
[Round "5.5"]
[White "Sevo, Dusan"]
[Black "Munizaba, Slobodan"]
[Result "0-1"]
[WhiteElo "2232"]
[BlackElo "2335"]
[PlyCount "54"]
[EventDate "2014.11.08"]
[EventType "team-tourn"]
[EventRounds "11"]
[EventCountry "SRB"]
[SourceTitle "EXT 2017"]
[Source "ChessBase"]
[SourceDate "2016.10.25"]
[SourceVersion "1"]
[SourceVersionDate "2016.10.25"]
[SourceQuality "1"]

1. g3 e5 2. Bg2 d5 3. d3 Nf6 4. Nd2 Nc6 5. e4 g6 6. Ngf3 Bg7 7. 0-0 0-0 8. Re1 Re8 9. c3 b6 10. exd5 Nxd5 11. Ng5 Bb7 12. h4 h6 13. Ngf3 Qd7 14. Qa4 Rad8 15. Bf1 f5 16. Qc2 Nf6 17. Nc4 Qd5 18. Be2 b5 19. Ne3 Qf7 20. b4 a6 21. Nd2 Ne7 22. Nb3 f4 23. Nf1 Qd5 24. f3 Nf5 25. gxf4 Nxh4 26. Nh2 exf4 27. Nc5 Qg5+ 0-1